| 000 | 00573nam a22001817a 4500 | ||
|---|---|---|---|
| 005 | 20170704110641.0 | ||
| 008 | 170704b xxu||||| |||| 00| 0 eng d | ||
| 020 | _a0471517178 | ||
| 040 | _aLB-BrCRDP | ||
| 082 | _a022.3 L282n | ||
| 100 | _aStephen Lanmead | ||
| 245 |
_aNew Library Design _bguide lines to planning academic library buildings |
||
| 260 |
_acanada _bWeb offset publications Ltd. _c1970 |
||
| 300 |
_a113p _c27cm |
||
| 520 | _a1.campus plannig 2.planning team 3.planning the program:collection of data | ||
| 700 | _aMargarel Beckman | ||
| 942 |
_2ddc _cBK |
||
| 999 |
_c17344 _d17344 |
||